000 00646nam a2200217Ii 4500
003 JO-AjNU
008 230606s9999||||xx |||||||||||||| ||und||
020 _a0-521-71152-5/978-0-521-71152-4
040 _aJO-AjNU
_beng
_erda
_cJO-AjNU
041 _aeng
050 1 4 _aPE1361.R33 2004
100 3 _aتأليف Radford,Andrew,
_eauthor
_93498
245 0 0 _aEnglish Syntax :An Introduction
250 _a1 ed
264 3 1 _aNew York:Cambridge University Press,2004
300 _a384p
336 _atext
_btxt
_2rdacontent
337 _aunmediated
_bn
_2rdamedia
338 _avolume
_bnc
_2rdacarrier
650 4 _aEnglish Syntax -English
_93499
999 _aE1825
_c1825
_d1825